<?xml version="1.0" encoding="UTF-8"?><?xml-stylesheet type="text/xsl" href="static/style.xsl"?><OAI-PMH xmlns="http://www.openarchives.org/OAI/2.0/" xmlns:xsi="http://www.w3.org/2001/XMLSchema-instance" xsi:schemaLocation="http://www.openarchives.org/OAI/2.0/ http://www.openarchives.org/OAI/2.0/OAI-PMH.xsd"><responseDate>2026-05-17T15:53:16Z</responseDate><request verb="GetRecord" identifier="oai:recam.amb.cat:20.500.14439/2792" metadataPrefix="marc">https://recam.amb.cat/rest/oai/request</request><GetRecord><record><header><identifier>oai:recam.amb.cat:20.500.14439/2792</identifier><datestamp>2025-05-07T06:02:38Z</datestamp><setSpec>com_20.500.14439_126</setSpec><setSpec>com_20.500.14439_125</setSpec><setSpec>col_20.500.14439_142</setSpec><setSpec>col_20.500.14439_139</setSpec></header><metadata><record xmlns="http://www.loc.gov/MARC21/slim" xmlns:dcterms="http://purl.org/dc/terms/" xmlns:xsi="http://www.w3.org/2001/XMLSchema-instance" xmlns:doc="http://www.lyncode.com/xoai" xsi:schemaLocation="http://www.loc.gov/MARC21/slim http://www.loc.gov/standards/marcxml/schema/MARC21slim.xsd">
   <leader>00925njm 22002777a 4500</leader>
   <datafield ind2=" " ind1=" " tag="042">
      <subfield code="a">dc</subfield>
   </datafield>
   <datafield ind2=" " ind1=" " tag="720">
      <subfield code="a">DF Paisatgisme</subfield>
      <subfield code="e">author</subfield>
   </datafield>
   <datafield ind2=" " ind1=" " tag="260">
      <subfield code="c">2023-04-01</subfield>
   </datafield>
   <datafield ind2=" " ind1=" " tag="520">
      <subfield code="a">Resum divulgatiu de l’estudi sobre propostes de vegetació de l'àmbit metropolità del riu Llobregat, elaborat en el marc del projecte europeu LIFE Urban Greening Plans, amb l’objectiu de definir un full de ruta per a les futures plantacions, a partir de la situació actual i tenint en compte les previsions del canvi climàtic.</subfield>
   </datafield>
   <datafield ind2=" " ind1=" " tag="520">
      <subfield code="a">Resum divulgatiu de l’estudi sobre propostes de vegetació de l'àmbit metropolità del riu Llobregat, elaborat en el marc del projecte europeu LIFE Urban Greening Plans, amb l’objectiu de definir un full de ruta per a les futures plantacions, a partir de la situació actual i tenint en compte les previsions del canvi climàtic.</subfield>
   </datafield>
   <datafield ind1="8" ind2=" " tag="024">
      <subfield code="a">https://hdl.handle.net/20.500.14439/2792</subfield>
   </datafield>
   <datafield tag="653" ind2=" " ind1=" ">
      <subfield code="a">Flora</subfield>
   </datafield>
   <datafield tag="653" ind2=" " ind1=" ">
      <subfield code="a">Vegetació de ribera</subfield>
   </datafield>
   <datafield ind2="0" ind1="0" tag="245">
      <subfield code="a">Guia de solucions: Propostes de vegetació a l'àmbit metropolità del riu Llobregat</subfield>
   </datafield>
</record></metadata></record></GetRecord></OAI-PMH>